Resource allocation and management in defence : (Record no. 92637)
[ view plain ]
| 000 -LEADER | |
|---|---|
| fixed length control field | 00565nam a22001817a 4500 |
| 005 - DATE AND TIME OF LATEST TRANSACTION | |
| control field | 20150331121117.0 |
| 010 ## - LCCN (DPL NO) | |
| LC control number | ENG-112548 |
| 020 ## - INTERNATIONAL STANDARD BOOK NUMBER | |
| International Standard Book Number | 9789381904459 |
| Terms of availability | 1750.00 |
| 035 ## - SYSTEM CONTROL NUMBER | |
| System control number | EN-96080 |
| 037 ## - SOURCE OF ACQUISITION | |
| Source of stock number/acquisition | DBAD/PUB |
| 100 ## - MAIN ENTRY--PERSONAL NAME | |
| Personal name | Ghosh, A.K. |
| 245 00 - TITLE STATEMENT | |
| Title | Resource allocation and management in defence : |
| Statement of responsibility, etc | by A.K. Ghosh |
| Remainder of title | need for a framework / |
| 260 ## - PUBLICATION, DISTRIBUTION, ETC. (IMPRINT) | |
| Place of publication, distribution, etc | New Delhi |
| Name of publisher, distributor, etc | KW Publishers |
| Date of publication, distribution, etc | 2013 |
| 270 ## - ADDRESS | |
| Address | 4676/21, First Floor, Ansari Road, Daryaganj, |
| City | New Delhi |
| Postal code | 110002 |
| 300 ## - PHYSICAL DESCRIPTION | |
| Extent | xx,495p. : |
| Dimensions | 24cm(Hb) |
| Other physical details | ill. |
| 500 ## - GENERAL NOTE | |
| General note | Includes index |
| 942 ## - ADDED ENTRY ELEMENTS (KOHA) | |
| Source of classification or shelving scheme | Dewey Decimal Classification |
| Item type | English Books |
| Call number suffix | GHO |
No items available.
